000 00562nam a22002057a 4500
003 OSt
005 20180830145716.0
008 160715b xxu||||| |||| 00| 0 eng d
020 _a1556424531
040 _cDNLM.
082 _aWB320E31m 2002.
100 _aEdited by Law,Mary;
_910230
245 _aEvidence- based Rehabilitation:a guide to Practice.
260 _aNew Jersey;
_bSlack,
_c2002.
300 _a364p;
_bill.
_c25cm.
504 _aincludes includes index.
650 _aPhysiotherapy
_9324
650 _aRehabilitation
_910549
942 _2z
_cO_SHELF
999 _c4751
_d4751